00769nam a2200157 a 450000500170000000800410001702000180005805000240007610000450010024501190014526000510026452002540031565000170056965000150058665000100060120140414093850.0130302s19uu xx uuu eng d a9781906345778 aCDR 370.1bEXA 2012 aInternational Baccalaureate Organization aExamination paper and markscheme pack :bMay 2012 examination session /cInternational Baccalaureate Organization. aUnited Kingdom :bIB Diploma Programme,c2012. aThis comprehensive CD-ROM pack contains the IB DP exampination papers and markschemes for the May 2012 examination session. Presented in their original format, these papers areexecellent preparation for live examinations, and the accompanying marks. aExaminations aMarkscheme aTests